[Event "ONJK 2017 D"]
[Site "Borne"]
[Date "2017.08.09"]
[Round "5.3"]
[White "Goudriaan, Rafael"]
[Black "Honkoop, Stella"]
[Result "1-0"]
[WhiteElo "1091"]
[BlackElo "1402"]
[PlyCount "71"]
[EventDate "2017.08.??"]

1. e4 d6 2. d4 Nf6 3. Nc3 Nbd7 4. Nf3 e5 5. dxe5 dxe5 6. Bg5 Be7 7. Bc4 c6 8.
Qd3 Qc7 9. Qe2 Nf8 10. h3 h6 11. Bh4 g5 12. Bg3 Ng6 13. h4 Nf4 14. Bxf4 gxf4
15. Nh2 Rg8 16. f3 Nh5 17. Nf1 Bd7 18. Qd2 Rg7 19. O-O-O O-O-O 20. Rg1 Qb6 21.
Ne2 f6 22. Bb3 Bc5 23. Rh1 Rxg2 24. Qe1 Be3+ 25. Kb1 Bf2 26. Qd2 Bc5 27. a3 Ng7
28. Rh2 Rxh2 29. Nxh2 h5 30. Qc3 Ne6 31. Nf1 Nd4 32. Nxd4 Bxd4 33. Qc4 Kb8 34.
Qf7 Be8 35. Qxf6 Bd7 36. Qg5 1-0

[Event "ONJK 2017 D"]
[Site "Borne"]
[Date "2017.08.09"]
[Round "5.4"]
[White "Warnaar, Tim"]
[Black "De Rycke, Tyani"]
[Result "0-1"]
[WhiteElo "1146"]
[BlackElo "1603"]
[PlyCount "74"]
[EventDate "2017.08.??"]

1. e4 c5 2. Nf3 e6 3. d4 cxd4 4. Nxd4 Nf6 5. Nc3 Nc6 6. Ndb5 Bb4 7. Bg5 O-O 8.
a3 Be7 9. Be2 Qb6 10. O-O h6 11. Bxf6 Bxf6 12. Rb1 a6 13. Nd6 Qc5 14. Nxc8
Raxc8 15. Qxd7 b5 16. Qd3 Rfd8 17. Qf3 Nd4 18. Qe3 Nxe2+ 19. Nxe2 Qxe3 20. fxe3
Rxc2 21. Ng3 Rdd2 22. Rfc1 Rxg2+ 23. Kf1 Rxh2 24. Rxc2 Rxc2 25. Ne2 Rxb2 26.
Rxb2 Bxb2 27. Nf4 Bxa3 28. Ke2 b4 29. Kd1 g5 30. Ne2 h5 31. e5 h4 32. Ke1 Bb2
33. Kf2 Bxe5 34. Nc1 a5 35. Nd3 Bf6 36. Kf3 b3 37. Kg4 b2 0-1

[Event "ONJK 2017 D"]
[Site "Borne"]
[Date "2017.08.09"]
[Round "5.5"]
[White "Arnold, Lorin"]
[Black "Zheng, Jimmy"]
[Result "1/2-1/2"]
[WhiteElo "1377"]
[BlackElo "1157"]
[PlyCount "140"]
[EventDate "2017.08.??"]

1. e4 e5 2. Nf3 Nc6 3. Bc4 Bc5 4. b4 Bxb4 5. c3 Ba5 6. O-O Nf6 7. d4 exd4 8.
Nxd4 O-O 9. Nxc6 bxc6 10. e5 Ne4 11. Qd3 Nc5 12. Qg3 d5 13. exd6 cxd6 14. Bh6
Qf6 15. Bg5 Qg6 16. Qh4 d5 17. Be2 Ne4 18. Be7 Re8 19. Bh5 Qe6 20. Ba3 Bd8 21.
Qf4 Bg5 22. Qf3 g6 23. Bg4 Qxg4 24. Qxg4 Bxg4 25. f3 Bd7 26. fxe4 Rxe4 27. Rd1
Rae8 28. Kf1 Rf4+ 29. Kg1 Rfe4 30. Kf1 Bf6 31. Nd2 Rf4+ 32. Kg1 Bxc3 33. Rab1
Bf5 34. Rbc1 Bd4+ 35. Kh1 Bd7 36. Bd6 Rf2 37. Bg3 Rfe2 38. Nf3 Bf2 39. Bxf2
Rxf2 40. Rd2 Ree2 41. Rxe2 Rxe2 42. Rf1 Rxa2 43. Ne5 Be8 44. h3 a5 45. Rc1 a4
46. Nxc6 Bxc6 47. Rxc6 Kf8 48. Rd6 Rd2 49. Ra6 Rd4 50. Ra5 Ke7 51. Kg1 Ke6 52.
Kf2 Re4 53. Kf3 f5 54. Ra7 h6 55. Ra6+ Kf7 56. Ra7+ Kf6 57. Ra6+ Kg5 58. Ra5 d4
59. Rxa4 Re3+ 60. Kf2 Re4 61. Kf3 h5 62. Rb4 Kh4 63. Ra4 g5 64. Ra5 Re3+ 65.
Kf2 f4 66. Rd5 d3 67. Rd4 Rg3 68. Re4 Re3 69. Rd4 Re2+ 70. Kf3 Re3+ 1/2-1/2

[Event "ONJK 2017 D"]
[Site "Borne"]
[Date "2017.09.08"]
[Round "5.6"]
[White "De Putter, Sven"]
[Black "Salomons, Matthijs"]
[Result "1-0"]
[WhiteElo "1228"]
[BlackElo "1120"]
[PlyCount "127"]
[EventDate "2017.08.??"]

1. e4 e6 2. d4 d5 3. e5 c5 4. c3 Nc6 5. Nf3 cxd4 6. cxd4 Bb4+ 7. Nc3 Nge7 8.
Bg5 O-O 9. Bb5 h6 10. Be3 a6 11. Bd3 Qa5 12. Qd2 Qd8 13. Bxh6 f5 14. Qg5 Rf7
15. Be2 Kf8 16. Bxg7+ Rxg7 17. Qf6+ Rf7 18. Qh6+ Ke8 19. Ng5 Ng8 20. Nxf7 Nxh6
21. Nxd8 Kxd8 22. O-O-O Ne7 23. Rd3 Ng6 24. g3 Bd7 25. f4 Rc8 26. Kb1 Ne7 27.
a3 Bxc3 28. Rxc3 Nc6 29. Rd1 Be8 30. h3 Na7 31. Rxc8+ Kxc8 32. g4 fxg4 33. Bxg4
Bg6+ 34. Ka1 Nxg4 35. hxg4 Nc6 36. Ka2 Bc2 37. Rd2 Be4 38. b4 b5 39. Kb3 a5 40.
Kc3 axb4+ 41. axb4 Ne7 42. Rf2 Nc6 43. f5 Kd7 44. f6 Ke8 45. g5 Kf7 46. Rf1 Bf5
47. Rh1 Kg6 48. Rh6+ Kf7 49. Rh8 Kg6 50. Rh6+ Kf7 51. Rh8 Kg6 52. Rc8 Na7 53.
Rc7 Nc6 54. f7 Kg7 55. Rxc6 Kxf7 56. Rc5 Kg6 57. Rxb5 Kxg5 58. Rc5 Kg6 59. b5
Kf7 60. b6 Bd3 61. Kxd3 Ke7 62. b7 Kd7 63. b8=Q Ke7 64. Rc7# 1-0

[Event "ONJK 2017 D"]
[Site "Borne"]
[Date "2017.09.08"]
[Round "5.7"]
[White "Molanus, Florian"]
[Black "Den Heijer, Rolinde"]
[Result "1-0"]
[WhiteElo "1034"]
[BlackElo "1222"]
[PlyCount "35"]
[EventDate "2017.08.??"]

1. e4 c5 2. Nf3 d6 3. Bc4 g6 4. Nc3 Bg4 5. Bxf7+ Kxf7 6. Ng5+ Kg7 7. Qxg4 Qe8
8. Ne6+ Kf7 9. Nc7 Nf6 10. Qe6+ Kg7 11. Nxe8+ Kh6 12. d4+ g5 13. h4 Nc6 14.
Bxg5+ Kg6 15. Nxd6 exd6 16. Qxf6+ Kh5 17. f3 Nxd4 18. g4# 1-0

[Event "ONJK 2017 D"]
[Site "Borne"]
[Date "2017.09.08"]
[Round "5.8"]
[White "Van der Noordaa, Joost"]
[Black "Malfliet, Alexander"]
[Result "0-1"]
[WhiteElo "951"]
[BlackElo "1445"]
[PlyCount "46"]
[EventDate "2017.08.??"]

1. c4 c5 2. Nc3 Nc6 3. g3 d6 4. Bg2 Nf6 5. d3 g6 6. Bd2 Bg7 7. Nf3 Bd7 8. O-O
Qc8 9. Qc1 h5 10. Nd5 Nxd5 11. cxd5 Nd4 12. Nxd4 Bxd4 13. Bg5 Bh3 14. Qf4 f6
15. Bh6 g5 16. Bxg5 fxg5 17. Qxg5 Bxg2 18. Kxg2 Qg4 19. Qd2 h4 20. f3 Qg6 21.
Qf4 hxg3 22. hxg3 Be5 23. Qg4 Qxg4 0-1

[Event "ONJK 2017 D"]
[Site "Borne"]
[Date "2017.09.08"]
[Round "5.10"]
[White "Muntean, Felix"]
[Black "Torensma, Dylan"]
[Result "1-0"]
[WhiteElo "1335"]
[BlackElo "916"]
[PlyCount "113"]
[EventDate "2017.08.??"]

1. e4 e5 2. Nf3 Nc6 3. Bc4 Bc5 4. c3 Nf6 5. d4 exd4 6. cxd4 Bb4+ 7. Nc3 d5 8.
exd5 Nxd5 9. O-O Nxc3 10. Qe1+ Qe7 11. bxc3 Qxe1 12. Rxe1+ Be7 13. Bf4 Na5 14.
Bd3 c6 15. Bc7 b6 16. Bd6 Kd7 17. Bxe7 Re8 18. Bb4 Nb7 19. Bf5+ Kd8 20. Rxe8+
Kxe8 21. Re1+ Kd8 22. Bxc8 Rxc8 23. Ng5 f6 24. Nf7+ Kc7 25. Re7+ Kb8 26. Bd6+
Nxd6 27. Nxd6 Rd8 28. Ne4 c5 29. g3 cxd4 30. Rxg7 f5 31. Nf6 d3 (31... dxc3 {
0-1}) 32. Rd7 Rxd7 33. Nxd7+ Kc7 34. Kf1 (34. Nf6 d2 35. Nd5+) 34... Kxd7 35.
Ke1 Kd6 36. Kd2 Kd5 37. Kxd3 b5 38. h3 h5 39. f3 Ke5 40. g4 fxg4 41. fxg4 h4
42. Ke3 a5 43. a3 Kd5 44. g5 Ke5 45. g6 Kf6 46. g7 Kxg7 47. Kd4 Kf6 48. Kc5 Kf5
49. Kxb5 Kf4 50. c4 Kg3 51. c5 Kxh3 52. c6 Kg2 53. c7 h3 54. c8=Q h2 55. Qg4+
Kh1 56. Qh3 Kg1 57. Kxa5 1-0

[Event "ONJK 2017 D"]
[Site "Borne"]
[Date "2017.09.08"]
[Round "5.11"]
[White "Groen, Jari"]
[Black "Tiggelman, Vincent"]
[Result "0-1"]
[WhiteElo "820"]
[BlackElo "1091"]
[PlyCount "36"]
[EventDate "2017.08.??"]

1. d4 c6 2. c4 d5 3. Nc3 e6 4. Nf3 Nf6 5. Bg5 Nbd7 6. e3 Qa5 7. Qb3 Ne4 8. Bd3
dxc4 9. Bxc4 Nxg5 10. Nxg5 Qxg5 11. g3 Bd6 12. Ne4 Qe7 13. O-O O-O 14. Qd3 Rd8
15. Bb3 e5 16. Bc2 g6 17. h4 exd4 18. exd4 h5 0-1

[Event "ONJK 2017 D"]
[Site "Borne"]
[Date "2017.09.08"]
[Round "5.12"]
[White "De Vries, Fabian"]
[Black "Cordes, Jule"]
[Result "1/2-1/2"]
[WhiteElo "1454"]
[BlackElo "955"]
[PlyCount "42"]
[EventDate "2017.08.??"]

1. f4 d5 2. Nf3 Nc6 3. d4 Nf6 4. e3 Bf5 5. Bd3 Bxd3 6. Qxd3 e6 7. O-O Be7 8. c3
O-O 9. Nbd2 Re8 10. Ne5 Nd7 11. Ndf3 h6 12. Bd2 Nf6 13. f5 Qd6 14. fxe6 Qxe6
15. Be1 Ne4 16. Bh4 Bxh4 17. Nxh4 Nxe5 18. dxe5 Qxe5 19. Rf5 Qe6 20. Rxd5 Nf6
21. Rb5 Rad8 1/2-1/2

[Event "ONJK 2017 D"]
[Site "Borne"]
[Date "2017.09.08"]
[Round "5.13"]
[White "Debunne, Tibe"]
[Black "Molanus, Eva"]
[Result "1-0"]
[WhiteElo "1438"]
[BlackElo "892"]
[PlyCount "57"]
[EventDate "2017.08.??"]

1. e4 e5 2. Nf3 Nc6 3. Bc4 Nf6 4. Ng5 d5 5. exd5 b5 6. Bb3 Nd4 7. c3 Nxb3 8.
Qxb3 a6 9. d6 Qd7 10. dxc7 Qxc7 11. h3 h6 12. Nf3 Be6 13. Qd1 Qb6 14. O-O Bc5
15. d3 e4 16. dxe4 Bc4 17. b4 Bxf1 18. bxc5 Qxc5 19. Qxf1 O-O 20. Be3 Qc7 21.
Qd3 Rfd8 22. Qc2 Nxe4 23. Nd4 Qe5 24. Nc6 Qh5 25. Nxd8 Rxd8 26. Nd2 Qe5 27.
Nxe4 b4 28. Bd4 Qf5 29. Nf6+ 1-0

[Event "ONJK 2017 D"]
[Site "Borne"]
[Date "2017.08.09"]
[Round "6.1"]
[White "Casur, Jan"]
[Black "Slagboom, Leandro"]
[Result "1/2-1/2"]
[WhiteElo "1526"]
[BlackElo "1308"]
[PlyCount "52"]
[EventDate "2017.08.??"]

1. e4 b6 2. d4 Bb7 3. Nc3 e6 4. Nf3 Bb4 5. Bd3 Nf6 6. Qe2 d5 7. Bg5 Bxc3+ 8.
bxc3 dxe4 9. Bxf6 exd3 10. Bxd8 dxe2 11. Bh4 Bxf3 12. gxf3 O-O 13. Kxe2 Re8 14.
f4 Nd7 15. Rad1 Nf8 16. Rhe1 Ng6 17. Bg3 Rac8 18. Kf1 Kf8 19. c4 Re7 20. Re2 h5
21. h3 Rce8 22. Red2 f6 23. c3 Kf7 24. Kg2 Kf8 25. Kf1 Kf7 26. Kg2 Kf8 1/2-1/2

[Event "ONJK 2017 D"]
[Site "Borne"]
[Date "2017.08.09"]
[Round "6.2"]
[White "De Rycke, Tyani"]
[Black "Goudriaan, Rafael"]
[Result "1-0"]
[WhiteElo "1603"]
[BlackElo "1091"]
[PlyCount "51"]
[EventDate "2017.08.??"]

1. e4 e6 2. d4 d5 3. exd5 exd5 4. Nf3 Nc6 5. Nc3 a6 6. a3 Nf6 7. h3 Be7 8. Bd3
h6 9. Bf4 Be6 10. O-O Qd7 11. Ne5 Nxe5 12. Bxe5 Bd6 13. Bxd6 cxd6 14. Qf3 O-O
15. Rfe1 Rac8 16. Qf4 Rc6 17. Ne2 Ne4 18. Ng3 Ng5 19. Nf5 Ne4 20. Ng3 Ng5 21.
h4 Nh7 22. Nf5 Nf6 23. Nxh6+ gxh6 24. Qxf6 Re8 25. Qxh6 Rb6 26. Re3 1-0

[Event "ONJK 2017 D"]
[Site "Borne"]
[Date "2017.08.09"]
[Round "6.3"]
[White "Molanus, Florian"]
[Black "De Putter, Sven"]
[Result "0-1"]
[WhiteElo "1034"]
[BlackElo "1228"]
[PlyCount "34"]
[EventDate "2017.08.??"]

1. e4 e5 2. Nf3 Nc6 3. Nc3 Nf6 4. d4 exd4 5. Nxd4 Bb4 6. Nxc6 bxc6 7. Bd2 O-O
8. Be2 Bxc3 9. Bxc3 Nxe4 10. Qd4 Nxc3 11. Qxc3 Re8 12. Qf3 Ba6 13. Qg3 Bxe2 14.
Kd2 Qf6 15. f3 Qd4+ 16. Kc1 Rab8 17. Rb1 Qe3# 0-1

[Event "ONJK 2017 D"]
[Site "Borne"]
[Date "2017.08.09"]
[Round "6.4"]
[White "Malfliet, Alexander"]
[Black "Heskes, Lise"]
[Result "0-1"]
[WhiteElo "1445"]
[BlackElo "1310"]
[PlyCount "88"]
[EventDate "2017.08.??"]

1. e4 c6 2. Nc3 d5 3. exd5 cxd5 4. Nf3 Bf5 5. d4 a6 6. Bf4 e6 7. Be2 Nc6 8. Qd2
h6 9. a3 Nf6 10. O-O Rc8 11. Bd3 Bxd3 12. Qxd3 Nh5 13. Bg3 Nxg3 14. fxg3 Bd6
15. Rae1 O-O 16. Rf2 Qb6 17. b4 Qc7 18. Rfe2 Nxb4 19. axb4 Qxc3 20. Qxc3 Rxc3
21. Rb1 Rfc8 22. Rb2 R3c4 23. Kf2 Rxb4 24. Rxb4 Bxb4 25. Ne5 Rc7 26. g4 Bd6 27.
Nf3 b5 28. Ne1 a5 29. Nd3 a4 30. Ke1 Bxh2 31. Nb4 Bd6 32. Na2 b4 33. Kd1 Rb7
34. Kc1 Bc7 35. Rf2 Ba5 36. Rf3 Rc7 37. Kb1 Rc4 38. Rd3 Kh7 39. Kb2 g5 40. g3
Kg6 41. c3 bxc3+ 42. Nxc3 Bxc3+ 43. Rxc3 a3+ 44. Kb3 a2 0-1

[Event "ONJK 2017 D"]
[Site "Borne"]
[Date "2017.08.09"]
[Round "6.5"]
[White "Honkoop, Stella"]
[Black "Velasco, Kathleen"]
[Result "1-0"]
[WhiteElo "1402"]
[BlackElo "1232"]
[PlyCount "73"]
[EventDate "2017.08.??"]

1. e4 e5 2. Nf3 Nc6 3. d4 exd4 4. Nxd4 Bc5 5. Be3 Qf6 6. c3 Bb6 7. Bc4 Ne5 8.
Bb3 d6 9. O-O Ne7 10. Qd2 Qg6 11. f3 O-O 12. Bg5 N7c6 13. Kh1 Nxd4 14. cxd4
Bxd4 15. f4 h6 16. fxe5 Qxe4 17. Be7 Bg4 18. Bxf8 Rxf8 19. Re1 Qf5 20. Qxd4 Re8
21. Nc3 dxe5 22. Qe4 Qg5 23. Rf1 Bh5 24. Qf5 Qxf5 25. Rxf5 Bg6 26. Rff1 c6 27.
Rad1 e4 28. Rde1 Rd8 29. Nxe4 Rd4 30. Nc3 Rd2 31. Re2 Rd7 32. h3 Bd3 33. Re8+
Kh7 34. Rxf7 Rd6 35. Ree7 Rg6 36. Rd7 Ba6 37. Bc2 1-0

[Event "ONJK 2017 D"]
[Site "Borne"]
[Date "2017.09.08"]
[Round "6.6"]
[White "Tiggelman, Vincent"]
[Black "Arnold, Lorin"]
[Result "1-0"]
[WhiteElo "1091"]
[BlackElo "1377"]
[PlyCount "41"]
[EventDate "2017.08.??"]

1. e4 c5 2. Nc3 Nc6 3. Bc4 e6 4. d3 Nf6 5. Nge2 d5 6. Bb5 Bd7 7. Bxc6 Bxc6 8.
O-O Bd6 9. Bg5 O-O 10. f4 Rc8 11. e5 Qb6 12. exf6 c4+ 13. Kh1 cxd3 14. fxg7
Rfe8 15. Qxd3 e5 16. Ng3 d4 17. Nh5 Re6 18. f5 e4 19. fxe6 f5 20. Nxe4 fxe4 21.
Qc4 1-0

[Event "ONJK 2017 D"]
[Site "Borne"]
[Date "2017.09.08"]
[Round "6.7"]
[White "Zheng, Jimmy"]
[Black "Muntean, Felix"]
[Result "0-1"]
[WhiteElo "1157"]
[BlackElo "1335"]
[PlyCount "74"]
[EventDate "2017.08.??"]

1. e4 e5 2. Nf3 Nc6 3. Bc4 Nf6 4. d3 Bc5 5. O-O d6 6. h3 O-O 7. c3 Be6 8. Bxe6
fxe6 9. Re1 d5 10. exd5 exd5 11. Be3 d4 12. cxd4 exd4 13. Bg5 Qd7 14. Nbd2 Rfe8
15. Rxe8+ Rxe8 16. Bxf6 gxf6 17. Ne4 Be7 18. Rc1 f5 19. Ng3 Bd6 20. Nf1 Kh8 21.
N1d2 Rg8 22. Nb3 Qg7 23. Nh4 Qh6 24. Nxf5 Qxh3 25. Ng3 Qh4 26. Qf3 Rf8 27. Qe4
Bxg3 28. fxg3 Qxg3 29. Nxd4 Qf2+ 30. Kh2 Nxd4 31. Qe5+ Qf6 32. Qg3 Qh6+ 33. Qh3
Qxc1 34. Qh4 Qf4+ 35. Qxf4 Rxf4 36. Kg3 Ne2+ 37. Kh3 Kg7 0-1

[Event "ONJK 2017 D"]
[Site "Borne"]
[Date "2017.09.08"]
[Round "6.8"]
[White "Knol, Daniel"]
[Black "Naessens, Wolf"]
[Result "0-1"]
[WhiteElo "1008"]
[BlackElo "1453"]
[PlyCount "52"]
[EventDate "2017.08.??"]

1. e4 e5 2. Nf3 Nc6 3. Bc4 Bc5 4. Nc3 d6 5. h3 Nf6 6. d3 h6 7. O-O Be6 8. Bb3
O-O 9. Be3 Bb6 10. Re1 d5 11. Bxb6 axb6 12. exd5 Nxd5 13. Nxd5 Bxd5 14. c4 Bxf3
15. Qxf3 Qd6 16. a3 Rad8 17. Bc2 Nd4 18. Qd1 Rfe8 19. Re3 Kh8 20. Qd2 f5 21.
Rae1 f4 22. Re4 Qg6 23. Bd1 f3 24. g3 Ne2+ 25. R1xe2 fxe2 26. Bxe2 Qxe4 0-1

[Event "ONJK 2017 D"]
[Site "Borne"]
[Date "2017.08.09"]
[Round "7.1"]
[White "Slagboom, Leandro"]
[Black "De Putter, Sven"]
[Result "1/2-1/2"]
[WhiteElo "1308"]
[BlackElo "1228"]
[PlyCount "81"]
[EventDate "2017.08.??"]

1. b3 d5 2. Bb2 e6 3. e3 Nf6 4. Nf3 c5 5. c4 Nc6 6. cxd5 exd5 7. Be2 Be7 8. O-O
O-O 9. h3 Bf5 10. d4 cxd4 11. Nxd4 Nxd4 12. Qxd4 Qd7 13. Nc3 Bd8 14. Bf3 Bb6
15. Qd2 Be6 16. Rfd1 Rfd8 17. Ne2 Ne4 18. Qd3 Bf5 19. Nd4 Bxd4 20. Qxd4 f6 21.
Rac1 Qd6 22. Bxe4 Bxe4 23. f3 Bf5 24. e4 Be6 25. exd5 Qxd5 26. Qxd5 Rxd5 27.
Rxd5 Bxd5 28. Rc7 Bc6 29. Kf2 Re8 30. g4 Rd8 31. Bc3 Rd3 32. Bb4 Rxf3+ 33. Kg1
Rxh3 34. Rc8+ Kf7 35. Rc7+ Kg6 36. Bf8 Rh1+ 37. Kf2 Rh2+ 38. Ke3 Rh3+ 39. Kf2
f5 40. Rxg7+ Kf6 41. g5+ 1/2-1/2

[Event "ONJK 2017 D"]
[Site "Borne"]
[Date "2017.08.09"]
[Round "7.2"]
[White "De Rycke, Tyani"]
[Black "Casur, Jan"]
[Result "1/2-1/2"]
[WhiteElo "1603"]
[BlackElo "1526"]
[PlyCount "141"]
[EventDate "2017.08.??"]

1. e4 e5 2. Nf3 Nc6 3. Bc4 Nf6 4. d3 Bc5 5. Bg5 d6 6. h3 Be6 7. Nbd2 Bxc4 8.
Nxc4 h6 9. Bh4 Qe7 10. Ne3 Bxe3 11. fxe3 Qe6 12. Bxf6 Qxf6 13. Qd2 Qe6 14. Qc3
O-O-O 15. a3 f5 16. exf5 Qxf5 17. e4 Qf4 18. Qd2 Qxd2+ 19. Kxd2 Rhf8 20. Rhf1
Rf6 21. Rae1 Rdf8 22. Nh2 Kd7 23. Rxf6 Rxf6 24. Nf3 Ne7 25. Rf1 Ke6 26. Ke3 Ng6
27. Nd2 Nf4 28. Rf2 Rg6 29. Kf3 Nh5 30. Nf1 Rf6+ 31. Ke3 Rxf2 32. Kxf2 Nf4 33.
Ne3 g6 34. Ng4 h5 35. Ne3 Kf6 36. h4 Kf7 37. g3 Ne6 38. Nd5 c6 39. Ne3 Ke7 40.
Nc4 Kd7 41. Ke2 Nd4+ 42. Kd2 b5 43. Ne3 Kc7 44. b4 Kb6 45. c3 Ne6 46. Nc2 d5
47. Ke3 Kc7 48. d4 Kd6 49. Kd3 Nc7 50. Ne1 exd4 51. cxd4 dxe4+ 52. Kxe4 Nd5 53.
Nc2 Ke6 54. Ne1 Nc3+ 55. Kd3 Nd5 56. Nf3 Kf5 57. Ne5 Ne7 58. Ke3 Nd5+ 59. Kf3
Ne7 60. Ke3 Nd5+ 61. Kd3 Ne7 62. Ke3 Nd5+ 63. Kf3 Ne7 64. Nf7 Nc8 65. Ne5 Ne7
66. g4+ hxg4+ 67. Nxg4 Ng8 68. Ne5 Ne7 69. Nf7 Nc8 70. Nh6+ Ke6 71. Ke3 1/2-1/2

[Event "ONJK 2017 D"]
[Site "Borne"]
[Date "2017.08.09"]
[Round "7.3"]
[White "Heskes, Lise"]
[Black "Honkoop, Stella"]
[Result "1/2-1/2"]
[WhiteElo "1310"]
[BlackElo "1402"]
[PlyCount "116"]
[EventDate "2017.08.??"]

1. e4 d6 2. d4 Nf6 3. Nc3 Nbd7 4. Nf3 e5 5. Bc4 Be7 6. O-O c6 7. a4 Qc7 8. h3
h6 9. Qe2 Nf8 10. Be3 g5 11. Nh2 Ng6 12. f3 Nf4 13. Bxf4 gxf4 14. d5 Rg8 15.
Ng4 Rg6 16. a5 h5 17. Nxf6+ Bxf6 18. Kh2 Bh4 19. Rh1 Bd7 20. dxc6 bxc6 21. Kg1
a6 22. b4 Qa7+ 23. Kf1 Qd4 24. Ra3 Rg7 25. Na4 Ra7 26. c3 Qe3 27. Qxe3 fxe3 28.
Nb6 Bg3 29. Be2 h4 30. Nc4 Ke7 31. Nxe3 Rg5 32. Bc4 Bf4 33. Nd1 Rg7 34. Ra2 Be6
35. Bxe6 Kxe6 36. Rc2 Ra8 37. Nb2 Rag8 38. Nd3 Rg6 39. Nxf4+ exf4 40. Rg1 Rg5
41. Rb2 Ke7 42. c4 Rb8 43. Kf2 Rxa5 44. Rgb1 Rg5 45. Ra1 Rb6 46. Rab1 Kd7 47.
Rb3 Kc7 48. R3b2 Rb8 49. Kg1 f6 50. Kf1 Rb6 51. Rb3 Rg8 52. Ra3 Rgb8 53. Rab3
R6b7 54. Kg1 Kd7 55. Kf1 Kc7 56. Kg1 Kd7 57. Kf1 Ke7 58. Kg1 Kd7 1/2-1/2

[Event "ONJK 2017 D"]
[Site "Borne"]
[Date "2017.08.09"]
[Round "7.4"]
[White "Goudriaan, Rafael"]
[Black "Tiggelman, Vincent"]
[Result "1/2-1/2"]
[WhiteElo "1091"]
[BlackElo "1091"]
[PlyCount "46"]
[EventDate "2017.08.??"]

1. e4 c6 2. d4 d5 3. exd5 cxd5 4. c4 Nf6 5. Nc3 Nc6 6. Bg5 e6 7. Nf3 Be7 8.
cxd5 Nxd5 9. Nxd5 Qxd5 10. Bxe7 Nxe7 11. Rc1 O-O 12. Bc4 Qd6 13. O-O Bd7 14.
Qd3 Rac8 15. Ng5 Ng6 16. h4 Rfe8 17. h5 Nf8 18. Qf3 Qe7 19. Ne4 Qh4 20. Nd6 Bc6
21. Qxf7+ Kh8 22. Nxc8 Bxg2 23. Kxg2 Qg4+ 1/2-1/2

[Event "ONJK 2017 D"]
[Site "Borne"]
[Date "2017.08.09"]
[Round "7.5"]
[White "Muntean, Felix"]
[Black "Den Heijer, Rolinde"]
[Result "1/2-1/2"]
[WhiteElo "1335"]
[BlackElo "1222"]
[PlyCount "94"]
[EventDate "2017.08.??"]

1. e4 c5 2. c3 d6 3. d4 cxd4 4. cxd4 Bd7 5. Bc4 g6 6. Qb3 e6 7. Qxb7 Nc6 8. Nf3
Bg7 9. Be3 Nf6 10. Nc3 O-O 11. O-O Rb8 12. Qa6 Qc7 13. Qa3 Rfe8 14. Rfe1 Ng4
15. Bf4 Nb4 16. Bb3 e5 17. dxe5 dxe5 18. Be3 Nxe3 19. Rxe3 Bf8 20. Ng5 Be6 21.
Nxe6 fxe6 22. Qa4 Rb6 23. Qxe8 Kg7 24. Rf3 Qe7 25. Qc8 Rc6 26. Qb8 Rb6 27.
Qxe5+ Kg8 28. Rf6 Bg7 29. Bxe6+ Kh8 30. Rf7 Qxf7 31. Bxf7 Bxe5 32. Rd1 Bxc3 33.
bxc3 Nc6 34. g3 Ne5 35. Rd5 Nxf7 36. Rd7 Ng5 37. e5 Nf3+ 38. Kg2 Nxe5 39. Rxa7
Rc6 40. Ra3 Kg7 41. Ra5 Kf6 42. f4 Nd3 43. Ra3 Ne1+ 44. Kf2 Nc2 45. Rb3 Na1 46.
Rb1 Nc2 47. Rb3 Na1 1/2-1/2

[Event "ONJK 2017 D"]
[Site "Borne"]
[Date "2017.09.08"]
[Round "7.6"]
[White "Naessens, Wolf"]
[Black "Molanus, Florian"]
[Result "1/2-1/2"]
[WhiteElo "1453"]
[BlackElo "1034"]
[PlyCount "70"]
[EventDate "2017.08.??"]

1. e4 e5 2. Nf3 Nc6 3. Bc4 Nf6 4. d3 h6 5. Nc3 Bc5 6. Be3 Bxe3 7. fxe3 d6 8. h3
Qe7 9. Qe2 Be6 10. Bb3 Bxb3 11. axb3 Qe6 12. d4 d5 13. exd5 Nxd5 14. Nxd5 Qxd5
15. e4 Qd6 16. dxe5 Qb4+ 17. Kf1 O-O 18. Rd1 Rfe8 19. g4 Nxe5 20. Nxe5 Rxe5 21.
Qd2 Qxe4 22. Rh2 Qf3+ 23. Kg1 Qe3+ 24. Qxe3 Rxe3 25. Rd7 Rc8 26. Kf2 Re5 27.
Kf3 Ra5 28. Rhd2 Ra2 29. c3 Ra6 30. Kg3 Rb6 31. b4 Kf8 32. Rf2 f6 33. Re2 Rd6
34. Ree7 Rxd7 35. Rxd7 Kg8 1/2-1/2

[Event "ONJK 2017 D"]
[Site "Borne"]
[Date "2017.09.08"]
[Round "7.8"]
[White "Salomons, Matthijs"]
[Black "Krohmer, Eric"]
[Result "1-0"]
[WhiteElo "1120"]
[BlackElo "1055"]
[PlyCount "79"]
[EventDate "2017.08.??"]

1. d4 g6 2. c4 Bg7 3. Nc3 Nf6 4. e4 d6 5. Bd3 Nbd7 6. Nge2 e5 7. d5 O-O 8. Bg5
b6 9. O-O Nc5 10. b4 Ncd7 11. a4 Qe8 12. Nb5 Qd8 13. a5 a6 14. axb6 cxb6 15.
Nxd6 h6 16. Bxf6 Nxf6 17. Nb5 Nh5 18. Nbc3 f5 19. b5 Qg5 20. g3 f4 21. h4 Qg4
22. f3 Qh3 23. Kf2 fxg3+ 24. Ke1 Qxh4 25. Kd2 g2 26. Rg1 Qg5+ 27. Kc2 Rxf3 28.
Na4 axb5 29. Nxb6 Rxa1 30. Qxa1 Bh3 31. cxb5 Rf1 32. Qa8+ Kh7 33. Qa7 Qe3 34.
d6 Rxg1 35. Nxg1 Qxg1 36. d7 Bxd7 37. Qxd7 Qxb6 38. Qe8 g1=Q 39. Bc4 Qbc5 40.
Qg8# 1-0

[Event "ONJK 2017 D"]
[Site "Borne"]
[Date "2017.09.08"]
[Round "7.9"]
[White "Ang, Rufus"]
[Black "De Vries, Fabian"]
[Result "0-1"]
[WhiteElo "1009"]
[BlackElo "1454"]
[PlyCount "46"]
[EventDate "2017.08.??"]

1. d4 e6 2. e4 d5 3. e5 c5 4. Nf3 Qb6 5. a3 Bd7 6. Nc3 Nc6 7. Ne2 cxd4 8. Nexd4
Nge7 9. b3 Ng6 10. Be3 Ncxe5 11. Nxe5 Nxe5 12. Nf3 Nxf3+ 13. Qxf3 Qc7 14. c4
Bc6 15. Bf4 Bd6 16. cxd5 Bxd5 17. Bxd6 Qxd6 18. Qd3 Qe5+ 19. Kd2 Qxa1 20. Qc2
Rd8 21. Bb5+ Bc6+ 22. Ke3 Qe5+ 23. Qe4 Qxe4# 0-1

[Event "ONJK 2017 D"]
[Site "Borne"]
[Date "2017.09.08"]
[Round "7.10"]
[White "Van der Noordaa, Niek"]
[Black "Malfliet, Alexander"]
[Result "1-0"]
[WhiteElo "759"]
[BlackElo "1445"]
[PlyCount "63"]
[EventDate "2017.08.??"]

1. c4 c5 2. Nc3 Nc6 3. g3 d6 4. Bg2 Bd7 5. d3 Nf6 6. Nf3 g6 7. O-O Bg7 8. Be3
Qc8 9. Qd2 h5 10. h4 Bh3 11. Bxh3 Qxh3 12. Ng5 Qg4 13. Kg2 Nd4 14. Bxd4 Qxd4
15. Nce4 Nxe4 16. Nxe4 Qxb2 17. Qxb2 Bxb2 18. Rab1 Bg7 19. Rxb7 Bf6 20. Nxf6+
exf6 21. Rfb1 O-O 22. f4 Rfe8 23. Kf3 Kg7 24. Rd7 Red8 25. Rxd8 Rxd8 26. Rb7 d5
27. cxd5 Rxd5 28. Rxa7 g5 29. Ra5 Kg6 30. Ke4 {Diagram #} Rf5 31. e3 gxh4 32.
gxh4 1-0

[Event "ONJK 2017 D"]
[Site "Borne"]
[Date "2017.09.08"]
[Round "7.11"]
[White "Arnold, Lorin"]
[Black "Cordes, Jule"]
[Result "1-0"]
[WhiteElo "1377"]
[BlackElo "955"]
[PlyCount "47"]
[EventDate "2017.08.??"]

1. e4 e5 2. Nf3 Nc6 3. Bc4 Bc5 4. b4 Bxb4 5. c3 Bc5 6. d4 exd4 7. cxd4 Bb4+ 8.
Bd2 Bxd2+ 9. Nbxd2 d6 10. Qb3 Qe7 11. O-O Nf6 12. e5 Nd7 13. exd6 Qxd6 14.
Rfe1+ Kd8 15. Ng5 Nde5 16. dxe5 Qxd2 17. Rad1 Qxd1 18. Rxd1+ Bd7 19. Nxf7+ Ke7
20. e6 Ke8 21. Rxd7 Rf8 22. Qxb7 Rd8 23. Qxc6 Rc8 24. Rxc7# {[S]} 1-0

[Event "ONJK 2017 D"]
[Site "Borne"]
[Date "2017.09.08"]
[Round "7.12"]
[White "Velasco, Kathleen"]
[Black "Adema, Wessel"]
[Result "0-1"]
[WhiteElo "1232"]
[BlackElo "1138"]
[PlyCount "54"]
[EventDate "2017.08.??"]

1. e4 c5 2. Nf3 d6 3. d4 cxd4 4. Nxd4 Nf6 5. Nc3 g6 6. f3 Bg7 7. Be3 Nc6 8. Qd2
O-O 9. O-O-O d5 10. exd5 Nxd5 11. Nxc6 bxc6 12. Nxd5 cxd5 13. Qxd5 Qc7 14. Qd2
Rb8 15. Bd4 Rd8 16. Qf2 Qf4+ 17. Qd2 Qxd2+ (17... Bxd4 $1 18. Qxf4 Bxb2+ 19.
Kb1 Rxd1+ 20. Qc1 Rxc1#) 18. Kxd2 Rxd4+ 19. Ke2 Ba6+ 20. Ke1 Rxd1+ 21. Kxd1
Rxb2 22. Ke1 Rxa2 23. g3 Bxf1 24. Rxf1 Rxc2 25. Kd1 Ra2 26. Re1 Ra1+ 27. Ke2
Rxe1+ 0-1

[Event "ONJK 2017 D"]
[Site "Borne"]
[Date "2017.09.08"]
[Round "7.13"]
[White "Zoet, Jelle"]
[Black "Zheng, Jimmy"]
[Result "0-1"]
[WhiteElo "678"]
[BlackElo "1157"]
[PlyCount "66"]
[EventDate "2017.08.??"]

1. d4 d5 2. c4 e6 3. Nc3 Nf6 4. Bg5 Be7 5. Bf4 Nbd7 6. Nb5 Bb4+ 7. Bd2 Bxd2+ 8.
Qxd2 a6 9. Nc3 b6 10. Nf3 O-O 11. O-O-O Bb7 12. e3 c5 13. Bd3 Rc8 14. b3 Re8
15. Qc2 h6 16. Rhe1 e5 17. cxd5 Nxd5 18. e4 Nxc3 19. Qxc3 cxd4 20. Qxc8 Qxc8+
21. Kb1 Qc3 22. Re2 Qb4 23. Rc2 Qd6 24. Rdc1 Nc5 25. Rd1 Nxd3 26. Rxd3 Bxe4 27.
Rdd2 Rc8 28. Ne1 Qg6 29. Kb2 Bxc2 30. Nxc2 Qxg2 31. Ne1 Qf1 32. Nc2 e4 33. Nxd4
Qc1# 0-1